000 00825nam a2200289Ia 4500
001 Para_7853
003 CHAP
008 220125s1920 xx 000 0 und d
010 _a206802
040 _cCHAP
082 _aPA-C 633.51 B84
100 _aNelson, Martin
_9172343
245 _aVarieties of cotton, 1919 /
_c by Martin Nelson and Edgar A. Hodson
260 _aFayetteville, Arkansas :
_b University of Arkansas
300 _a8 p.
440 _aBulletin; 166
_9173100
500 _aEncuadernado con otros impresos similares
650 _aAlgodón
_x variedades
_94068
700 _aHodson, Edgar A.
_9173101
901 _aPA-C 633.51 B84
902 _aA
905 _a0000001920 0000000000 00
910 _a1920
942 _cPARA
942 _cPARA
_d1
999 _c206802
_d206802